000
00199 a2200097 4500
001
25763
100
_a
Htten, E H
245
_a
Ideas of physics
260
_a
_b
Oliver royd
_c
090
_c
17410
_d
17410
942
_a
NUST-CAE
_c
M
_c
8237
999
_c
260836
_d
260836